Statistics for EU4 Steam Achivments For Country

Click here to take the quiz!

General Stats

  • This quiz has been taken 212 times
  • The average score is 17 of 23

Answer Stats

AchivmentCountry% Correct
... can into spacePoland
97%
Big Blue BlobFrance
96%
The UncommonwealthLithuania
94%
The BohemiansBohemia
93%
Italian AmbitionItaly
92%
Lucky LuccaLucca
91%
BasileusByzantium
86%
Sunset InvasionAztec
82%
... WoodNorway
81%
Take that, von Habsburgs!Hungary
78%
... is not overpowered!Sweden
77%
... is the EmperorSpain
76%
African PowerKongo
75%
Liberty or DeathUSA
75%
The Three MountainsRyukyu
73%
King of JerusalemCyprus/The Knights
70%
JihadNajd
57%
Back to the PiastSilesia/Mazovia
53%
AcademicalAthens
52%
Frozen AssetsNovgorod
52%
ShahanshahArdabil
45%
Komnenoi EmpireTrebizond
37%
Nobody wants to dieSonghai
31%

Score Distribution

Percentile by Number Answered

Percent of People with Each Score

Your Score History

You have not taken this quiz